LEADER 01484nam a2200337 a 4500 001 000000131437 003 CaOOAMICUS 005 20121120130828.0 008 121120s2012 it a u001 u ita r 020 $a978-88-452-7155-7 040 $aPUL$bita 082 04$a190 100 1 $aVico, Giambattista,$d1668-1744.$0(OLS)http://pul/name/5826 245 13$aLa scienza nuova :$ble tre edizioni del 1725, 1730 e 1744 /$cGiambatista Vico ; a cura di Manuela Sanna e Vincenzo Vitiello ; saggio introduttivo di Vincenzo Vitiello. 260 $aMilano :$bBompiani,$c2012. 300 $aCLXXX, 1318 p. :$bill. ;$c22 cm 490 1 $aBompiani Il pensiero occidentale 500 $aInclude indici. 504 $aBibliografia nelle note. 700 1 $aVitiello, Vincenzo,$d1935-$0(OLS)http://pul/name/38145 700 1 $aSanna, Manuela.$0(OLS)http://pul/name/84541 830 0$aBompiani Il pensiero occidentale.$0(OLS)http://pul/title/99836 850 $aPUL 852 $aPUL$W1$xSL Filosofia 3$y81$m190 COLL 2.162$j151718$qDDC 21$B150638$CPULBib$Z2$F150638 $H121171 $82 941 1 $a9 983 3$aIl pensiero occidentale (Bompiani) 996 $6020$a978-88-452-7155-7$9(OLS)http://pul/number/151095 996 $6082$a190$9(OLS)http://pul/classification/123 996 $6245$aLa scienza nuova :$ble tre edizioni del 1725, 1730 e 1744$9(OLS)http://pul/title/166036 996 $6260$aMilano :$bBompiani$9(OLS)http://pul/publisher/48240 LEADER 01379nam a2200289 a 4500 001 000000140578 003 CaOOAMICUS 005 20141119115431.0 008 141119s2014 it frm z000 u ita r 040 $aPUL$bita 100 1 $aMazzucchi, Tommaso.$0(OLS)http://pul/name/90618 245 10$aDio è colui che risuscita l'uomo : teologia della Risurrezione di Ireneo di Lione /$cTommaso Mazzucchi. 260 $aRoma :$b[s.n.],$c2014. 300 $a165 p.$c24 cm 502 $aEstratto da Tesi di Dottorato--Facoltà di Teologia --Pontificia Università Gregoriana, 2014. 504 $aBibliografia: p. 151-162. 600 04$aIrenaeus Lugdunensis,$cs., $d130/149-c. 198.$0(OLS)http://pul/subject/7955 650 4$aEscatologia$xDottrine$xStoria$yEvo antico.$0(OLS)http://pul/subject/714 710 2 $aPontificia Università Gregoriana.$bFacoltà di teologia.$kTesi.$0(OLS)http://pul/name/81592 850 $aPUL 852 $aPUL$W1$xDP1 Tesi Pon. Univ. Gregoriana$y40$m2014 B 9$j160884$qTesi$B161904$CPULBib$Z2$F161904 $82 941 1 $a16 960 $aIrénée de Lyon ,$cs., vesc.,$dm. 202$97955 960 $aIreneo,$cs., vesc. di Lione,$dm. 202$97955 996 $6245$aDio è colui che risuscita l'uomo : teologia della Risurrezione di Ireneo di Lione$9(OLS)http://pul/title/177922 996 $6260$aRoma :$b[s.n.]$9(OLS)http://pul/publisher/47958